000 00316pab a2200145 454500
008 180718b1985 xxu||||| |||| 00| 0 eng d
100 _aAjay Das
245 _aJute in jeopardy
260 _c1985
300 _a32-3
362 _a13 May
650 _aJute Industry and Trade
773 _aCapital
909 _a11597
999 _c11597
_d11597